| 000 | 00378nam a2200133Ia 4500 | ||
|---|---|---|---|
| 008 | 220217s9999 xx 000 0 und d | ||
| 245 | 0 | _aRaw natural rubber and natural rubber latex- Determination of nitrogen. | |
| 260 | _c1974 | ||
| 500 | _aStandard number: ISO 1656 | ||
| 650 | _a Natural rubber latex | ||
| 650 | _a Nitrogen | ||
| 650 | _a Raw natural rubber | ||
| 942 | _cST | ||
| 999 |
_c74037 _d74037 |
||